| 000 | 00610nam a2200133Ia 4500 | ||
|---|---|---|---|
| 008 | 171212s9999 xx 000 0 und d | ||
| 020 | _a9780833040121 | ||
| 100 | _aMoore, S. Craig;Brauner, Marygail K. | ||
| 245 |
_cMoore, S. Craig;Brauner, Marygail K. _aAdvancing the U.S. Air Force's Force-Development Initiative |
||
| 260 |
_bRAND Corporation _c2007 |
||
| 650 | _aManagement & Organizational Behavior | ||
| 650 | _aUnited States. Air Force -- Officers; United States. Air Force -- Occupational specialtiesl; United States. Air Force -- Personnel management | ||
| 856 | _uwww.jstor.org/stable/10.7249/mg545af | ||
| 999 |
_c351684 _d351684 |
||